El cañón de tiro rápido y la instrucción de la artillería / (Record no. 91124)

MARC details
000 -LEADER
campo de control de longitud fija 00769nam a2200205 i 4500
001 - NÚMERO DE CONTROL
campo de control 91124
003 - IDENTIFICADOR DE NÚMERO DE CONTROL
campo de control ES-MaACL
005 - FECHA Y HORA DE LA ÚLTIMA TRANSACCIÓN
campo de control 20230906180640.0
007 - CAMPO FIJO DE DESCRIPCIÓN FÍSICA--INFORMACIÓN GENERAL
campo de control de longitud fija t|
008 - DATOS DE LONGITUD FIJA--INFORMACIÓN GENERAL
campo de control de longitud fija 050127s1908 sp ||||1| spa d
100 1# - ENTRADA PRINCIPAL--NOMBRE DE PERSONA
Nombre de persona Le Rond
Títulos y otros términos asociados al nombre Capitán.
9 (RLIN) 70922
245 13 - MENCIÓN DEL TÍTULO
Título El cañón de tiro rápido y la instrucción de la artillería /
Mención de responsabilidad, etc. por el Capitán Le Rond ; traducido por Jorge Font.
260 ## - PUBLICACIÓN, DISTRIBUCIÓN, ETC.
Lugar de publicación, distribución, etc. Barcelona :
Nombre del editor, distribuidor, etc. Revista Científico-Militar,
Fecha de publicación, distribución, etc. 1908.
300 ## - DESCRIPCIÓN FÍSICA
Extensión 54 p., 2 h. de map pleg. ;
Dimensiones 23 cm.
490 1# - MENCIÓN DE SERIE
Mención de serie Publicaciones de la Revista Científico-Militar y Biblioteca Militar
700 1# - ENTRADA AGREGADA--NOMBRE PERSONAL
Nombre de persona Font, Jorge.
9 (RLIN) 51542
830 0# - PUNTO DE ACCESO ADICIONAL DE SERIE-TÍTULO UNIFORME
Título uniforme Publicaciones de la Revista Científico-Militar y Biblioteca Militar
9 (RLIN) 183232
852 ## - LOCALIZACIÓN
Ubicación ES-MaACL
Número de control de estantería G-9357(3)
Holdings
Estatus retirado Estado de pérdida Estado de daño No para préstamo Biblioteca de origen Biblioteca actual Ubicación en estantería Fecha de adquisición Fuente de adquisición Total de préstamos Signatura topográfica completa Código de barras Visto por última vez Precio de reemplazo Tipo de ítem Koha
        Biblioteca del Ateneo de Madrid Biblioteca del Ateneo de Madrid Sala Pecera Planta 3 17/01/2008     G-9357(3) 1095141 23/02/2023 23/02/2023 Libro impreso